书目信息 |
| 题名: |
数字集成系统芯片(SOC)设计
|
|
| 作者: | 罗胜钦 编著 | |
| 分册: | ||
| 出版信息: | 北京 北京希望电子出版社 2002.09 |
|
| 页数: | 366页 | |
| 开本: | 26cm | |
| 丛书名: | ||
| 单 册: | ||
| 中图分类: | TN431.2 | |
| 科图分类: | ||
| 主题词: | 半导体集成电路 | |
| 电子资源: | ||
| ISBN: | 7-900101-66-7 | |
| 000 | 00597nam0 2200193 45 | |
| 001 | 0432842783 | |
| 005 | 20050106102350.14 | |
| 010 | @a7-900101-66-7@dCNY 29.00 | |
| 100 | @a20040916d2002 km y0chiy0120 ea | |
| 101 | 0 | @achi |
| 102 | @aCN@b110000 | |
| 200 | 1 | @a数字集成系统芯片(SOC)设计@AShu Zi Ji Cheng Xi Tong Xin Pian(SOC)She Ji@f罗胜钦编著@FLuo Sheng Qin Bian Zhu |
| 210 | @a北京@c北京希望电子出版社@d2002.09 | |
| 215 | @a366页@d26cm | |
| 606 | 0 | @a半导体集成电路 |
| 690 | @aTN431.2@v3 | |
| 701 | 0 | @a罗胜钦@ALuo Sheng Qin@4编著 |
| 801 | 0 | @aCN@bPFT@c20050106 |
| 905 | @a安徽大学@dTN431.2@eL955 | |
| 数字集成系统芯片(SOC)设计/罗胜钦编著.-北京:北京希望电子出版社,2002.09 |
| 366页;26cm |
| ISBN 7-900101-66-7:CNY 29.00 |
| ● |
| 相关链接 |
|
|
|
正题名:数字集成系统芯片(SOC)设计
索取号:TN431.2/L955
 
预约/预借
| 序号 | 登录号 | 条形码 | 馆藏地/架位号 | 状态 | 备注 |
| 1 | 394423 | 203944232 | 自科库301/301自科库 28排1列2层/ [索取号:TN431.2/L955] | 在馆 | |
| 2 | 394424 | 203944241 | 自科二线404/301自科库 20排4列4层/ [索取号:TN431.2/L955] | 在馆 | |
| 3 | 394425 | 203944250 | 自科库301/301自科库 28排1列2层/ [索取号:TN431.2/L955] | 在馆 | |
| 4 | 394426 | 203944269 | 自科库301/301自科库 28排1列2层/ [索取号:TN431.2/L955] | 在馆 | |
| 5 | 394427 | 203944278 | 自科库301/301自科库 20排4列3层/ [索取号:TN431.2/L955] | 在馆 | |
| 6 | 394428 | 203944287 | 自科库301/301自科库 28排1列2层/ [索取号:TN431.2/L955] | 在馆 | |
| 7 | 435006 | 204350068 | 自科库301/404自科库 19排1列1层/ [索取号:TN431.2/L955] | 在馆 |